[Event "LUX-ch U18"]
[Site "Bonnevoie"]
[Date "2000.02.29"]
[Round "4"]
[White "Majerus, Samuel"]
[Black "Muhovic, Adnan"]
[Result "1-0"]
[WhiteElo "1317"]
[BlackElo "1300"]
[PlyCount "105"]
[EventDate "2000.02.26"]
[EventType "swiss"]
[EventRounds "7"]
[EventCountry "LUX"]
[SourceTitle "EXT 2005"]
[Source "ChessBase"]
[SourceDate "2004.11.15"]
[SourceVersion "1"]
[SourceVersionDate "2004.11.15"]
[SourceQuality "1"]

1. Nf3 e6 2. d3 Nc6 3. Be3 d5 4. Nc3 Nf6 5. d4 Bb4 6. Bd2 Bxc3 7. Bxc3 Ne4 8. Bd2 Nxd2 9. Qxd2 0-0 10. g3 b5 11. Bg2 Ba6 12. 0-0 Rb8 13. Rab1 b4 14. a3 bxa3 15. bxa3 Rxb1 16. Rxb1 Qd6 17. Ra1 Rb8 18. Ne1 Qd8 19. Qe3 h6 20. Nd3 Bxd3 21. cxd3 Rb3 22. Bf3 Qg5 23. Qxg5 hxg5 24. Bh5 Nxd4 25. Kf1 Nc2 26. Ra2 Rxa3 27. Rxc2 g6 28. Bg4 Ra1+ 29. Kg2 f5 30. Bf3 g4 31. Bxg4 fxg4 32. Rxc7 Ra2 33. e4 dxe4 34. dxe4 a5 35. Rc8+ Kh7 36. Rc7+ Kg8 37. Rc8+ Kh7 38. Rc7+ Kg8 39. Rc6 Kf7 40. h4 a4 41. Rc1 e5 42. Kf1 a3 43. f4 Kf6 44. Rc6+ Ke7 45. fxe5 Kf7 46. e6+ Kf8 47. Rc8+ Ke7 48. Rc6 Ra1+ 49. Ke2 a2 50. Ra6 Kf6 51. e5+ Kxe5 52. e7 Kf5 53. e8Q 1-0